[Event "Let's Play Chess!"]
[Site "http://www.queenalice.com/game.php?id=12305"]
[Date "2005.5.7"]
[Round "-"]
[White "jsiebel"]
[Black "tuluknoy"]
[Result "1-0"]
[WhiteElo "1265"]
[BlackElo "1336"]

1. Nf3 Nc6 2. g3 e5 3. Bh3 Nf6 4. O-O e4 5. Nh4 g5 6. Nf5 h5 7. a4 g4 8. Bg2 d5
9. Ne3 h4 10. gxh4 Rxh4 11. c4 Nh5 12. cxd5 Ne5 13. Bxe4 Qg5 14. f4 Nxf4 15. Qe1
1-0

[Event "Let's Play Chess!"]
[Site "http://www.queenalice.com/game.php?id=12310"]
[Date "2005.5.8"]
[Round "-"]
[White "tuluknoy"]
[Black "Morbid"]
[Result "0-1"]
[WhiteElo "1288"]
[BlackElo "1147"]

1. e4 Nf6 2. Nc3 e5 3. Nf3 d6 4. Bc4 c5 5. d3 Be6 6. Bd5 Bxd5 7. Nxd5 h5 8. Bg5
a5 9. Bxf6 gxf6 10. Qd2 Bh6 11. Qe2 Rg8 12. c4 Nc6 13. h4 Rxg2 14. Nd2 Nd4 15.
Qxh5 Nc2+ 16. Ke2 Bxd2 17. Kxd2 Nb4 18. Qh8+ Kd7 19. Qxd8+ Rxd8 20. Nxf6+ Ke7
21. Nd5+ Ke8 0-1

[Event "Let's Play Chess!"]
[Site "http://www.queenalice.com/game.php?id=12311"]
[Date "2005.5.7"]
[Round "-"]
[White "tuluknoy"]
[Black "moepp"]
[Result "0-1"]
[WhiteElo "1336"]
[BlackElo "1597"]

1. e4 e5 2. Nf3 Nc6 3. Nc3 d6 4. Bc4 Be7 5. d4 exd4 6. Nb5 Nf6 7. Bf4 Nxe4 8.
Qd3 Bf5 9. g4 Bg6 10. h4 Nxf2 11. Qf1 Nxh1 12. Qxh1 a6 13. Nbxd4 Nxd4 14. Nxd4
Bxh4+ 15. Kd2 Qf6 16. Be3 Bg5 17. Qxb7 Qf2+ 18. Kd1 Bxe3 0-1

[Event "Let's Play Chess!"]
[Site "http://www.queenalice.com/game.php?id=12313"]
[Date "2005.5.7"]
[Round "-"]
[White "moepp"]
[Black "tuluknoy"]
[Result "1-0"]
[WhiteElo "1501"]
[BlackElo "1445"]

1. e4 e5 2. Nf3 Nc6 3. Bc4 Nf6 4. Ng5 d5 5. exd5 Nxd5 6. O-O Qxg5 7. Bxd5 Ne7 8.
Bf3 Nf5 9. d4 Nh4 10. Bxg5 Nxf3+ 11. Qxf3 exd4 12. Re1+ Be6 13. Qxb7 Rc8 14.
Qxc8# 1-0

[Event "AUTO-OPEN-81"]
[Site "http://www.queenalice.com/game.php?id=12322"]
[Date "2005.5.7"]
[Round "1"]
[White "tuluknoy"]
[Black "alib2004"]
[Result "0-1"]
[WhiteElo "1388"]
[BlackElo "1724"]

1. e4 c5 2. Nc3 Nc6 3. Nf3 d6 4. d4 cxd4 5. Nb5 Nf6 6. Nbxd4 e5 7. Ne2 Nxe4 8.
Be3 Be7 9. Nc3 Nxc3 10. bxc3 O-O 11. Bd3 f5 12. O-O Be6 13. Nd2 f4 14. Nc4 fxe3
15. Rb1 exf2+ 0-1

[Event "AUTO-OPEN-81"]
[Site "http://www.queenalice.com/game.php?id=12323"]
[Date "2005.5.7"]
[Round "1"]
[White "alib2004"]
[Black "tuluknoy"]
[Result "0-1"]
[WhiteElo "1739"]
[BlackElo "1393"]

1. e4 e5 2. Nf3 Nc6 3. Bc4 Nf6 4. Ng5 d5 5. exd5 Nxd5 6. Qf3 Qxg5 7. Bxd5 Bd7 8.
Qxf7+ Kd8 9. d3 Qxc1+ 10. Ke2 Qxh1 11. h3 Qc1 12. a4 Qxc2+ 0-1

[Event "AUTO-MASTER-10"]
[Site "http://www.queenalice.com/game.php?id=12590"]
[Date "2005.5.11"]
[Round "1"]
[White "alib2004"]
[Black "tuluknoy"]
[Result "1-0"]
[WhiteElo "1769"]
[BlackElo "1396"]

1. e4 e5 2. Nf3 Nc6 3. Bc4 f6 4. Bxg8 Rxg8 5. O-O g5 6. d4 h5 7. dxe5 g4 8. exf6
gxf3 9. Qxf3 Ne5 10. Qxh5+ Ng6 11. Bg5 Rh8 12. Qxg6# 1-0

[Event "AUTO-MASTER-10"]
[Site "http://www.queenalice.com/game.php?id=12591"]
[Date "2005.5.11"]
[Round "1"]
[White "tuluknoy"]
[Black "alib2004"]
[Result "0-1"]
[WhiteElo "1393"]
[BlackElo "1721"]

1. e4 c5 2. Nf3 Nc6 3. Bb5 d6 4. d4 cxd4 5. Nxd4 Bd7 6. c4 Nxd4 7. Nc3 Nxb5 8.
cxb5 Nf6 9. O-O e6 10. Re1 Be7 11. e5 dxe5 12. Rxe5 O-O 13. Qf3 b6 14. Qg3 g6
0-1

[Event "AUTO-MASTER-10"]
[Site "http://www.queenalice.com/game.php?id=12608"]
[Date "2005.5.11"]
[Round "1"]
[White "tuluknoy"]
[Black "diego2907"]
[Result "0-1"]
[WhiteElo "1384"]
[BlackElo "1557"]

1. e4 e5 2. Nf3 Nf6 3. Bc4 Bd6 4. Ng5 O-O 5. d4 Nc6 6. d5 Na5 7. Bd3 Bb4+ 8. c3
Be7 9. h4 h6 10. Nf3 d6 11. Nh2 c6 12. g4 cxd5 0-1

[Event "AUTO-MASTER-10"]
[Site "http://www.queenalice.com/game.php?id=12609"]
[Date "2005.5.11"]
[Round "1"]
[White "diego2907"]
[Black "tuluknoy"]
[Result "1-0"]
[WhiteElo "1566"]
[BlackElo "1372"]

1. e4 e5 2. Bc4 Nf6 3. Nf3 Bc5 4. Ng5 d5 5. exd5 Nxd5 6. Nxf7 Kxf7 7. Qf3+ Ke6
8. Nc3 c6 9. Qg4+ Kd6 10. Ne4+ Kc7 11. Qxg7+ Nd7 12. Nxc5 Nb4 13. Ne6+ 1-0

[Event "AUTO-MASTER-10"]
[Site "http://www.queenalice.com/game.php?id=12610"]
[Date "2005.5.11"]
[Round "1"]
[White "tuluknoy"]
[Black "nightsend"]
[Result "0-1"]
[WhiteElo "1445"]
[BlackElo "2037"]

1. e4 c5 2. Nc3 e6 3. Nf3 a6 4. Bc4 b5 5. Be2 Bb7 6. d3 d5 7. exd5 exd5 8. a3
Nf6 9. b3 d4 10. Nb1 Bd6 11. c3 Nc6 12. Bb2 O-O 13. cxd4 Nxd4 14. Nxd4 cxd4 15.
O-O Re8 16. Bxd4 Bxh2+ 17. Kxh2 Qxd4 18. Nd2 Qh4+ 19. Kg1 Rxe2 20. Qxe2 Ng4 0-1

[Event "AUTO-MASTER-10"]
[Site "http://www.queenalice.com/game.php?id=12611"]
[Date "2005.5.11"]
[Round "1"]
[White "nightsend"]
[Black "tuluknoy"]
[Result "1-0"]
[WhiteElo "2025"]
[BlackElo "1500"]

1. e4 e5 2. Nf3 Nc6 3. Bb5 Nge7 4. Nc3 a6 5. Ba4 b5 6. Bb3 f6 7. d4 exd4 8. Nxd4
Nxd4 9. Qxd4 Bb7 10. O-O Nc6 11. Qd5 Rb8 12. Qf7# 1-0